00355nam a2200133Ia 4500003000400000005001700004008004100021040000900062082001700071100002000088245006000108260004400168300000900212OSt20200708115348.0190216s9999||||xx |||||||||||||| ||und|| coclc a907.2bSUB/H aSubrahmanian, N 0aHistoriography And Historical Methods /cN Subrahmanian bEnnes Publications,c1973.aUdumalpet: a250p